LEADER 01327nam a2200277 u 4500 001 000000091308 003 CaOOAMICUS 005 20070226124821.0 008 060317s1986 fr u000 u fre u 035 $a11081666 040 $aPUL(R)$bita 041 1 $afre$hegy 245 04$aLes textes des sarcophages égyptiens du Moyen Empire /$cintroduction et traduction de Paul Barguet ; ouvrage publié avec le concours du Centre National de la Recherche Scientifique. 260 $aParis :$bLes ed. du Cerf,$c1986. 300 $a735 p. ;$c20 cm 490 1 $aLittératures anciennes du Proche-Orient ;$v12 504 $aContiene note bibliografiche. 651 4$aEgitto$xStoria antica$yRegno medio.$0(OLS)http://pul/subject/29652 700 1 $aBarguet, Paul.$0(OLS)http://pul/name/24856 710 2 $aCentre national de la recherche scientifique (Francia).$0(OLS)http://pul/name/720 830 0$aLittératures anciennes du Proche-Orient ;$v12.$0(OLS)http://pul/title/26443 850 $aPUL 852 $aPUL$W1$xDP1 Fondo Gelio$y54$m3 C 10$j115038$nBK-PRI$b $qFondi$B115038$CPULBib$Z2$F115038 $HPUL0389 $81 941 1 $a1 996 $6245$aLes textes des sarcophages égyptiens du Moyen Empire$9(OLS)http://pul/title/117875 996 $6260$aParis :$bLes ed. du Cerf$9(OLS)http://pul/publisher/60737 LEADER 01550nam a2200313 a 4500 001 000000132352 003 CaOOAMICUS 005 20130117113119.0 008 130117s2013 njub u001 u eng r 020 $a978-0-691-13484-0 040 $aPUL$bita 082 04$a320.5 245 04$aThe Princeton encyclopedia of islamic political thought /$ceditor Gerhard Bowering ; associate editors Patricia Crone ... [et. al.] ; assistant editor Mahan Mirza. 260 $aPrinceton and Oxford :$bPrinceton University Press,$c2013. 300 $axliv, 656 p. :$bc. geogr. ;$c27 cm. 504 $aInclude riferimenti bibliografici e indici. 650 4$aScienza della politica$zIslam$xEnciclopedie e dizionari.$0(OLS)http://pul/subject/39279 650 4$aIslam$xEnciclopedie e dizionari.$0(OLS)http://pul/subject/18663 700 1 $aBöwering, Gerhard,$d1939-$0(OLS)http://pul/name/85242 700 1 $aCrone, Patricia,$d1945-$0(OLS)http://pul/name/85243 700 1 $aMirza, Mahan.$0(OLS)http://pul/name/85244 850 $aPUL 852 $aPUL$W1$xSL Diritto e Scienze Sociali 3$y79$m320. 5 BOWGE 1$j152305$qDDC 21$B151657$CPULBib$Z2$F151657 $H121357 $82 941 1 $a9 996 $6020$a978-0-691-13484-0$9(OLS)http://pul/number/151525 996 $6082$a320.5$9(OLS)http://pul/classification/449 996 $6245$aThe Princeton encyclopedia of islamic political thought$9(OLS)http://pul/title/167216 996 $6260$aPrinceton and Oxford :$bPrinceton University Press$9(OLS)http://pul/publisher/80333